Size of Issue Leader as Determinant of Debt Offerings Yields

Analýza vplyvu veľkosti vedúceho upisovateľa na výnosnosť dlhopisov. Analýza bežnou (ordinary) a všeobecnou (generalized) metódou najmenších štvorcov.

Gespeichert in:
Bibliographische Detailangaben
1. Verfasser: Verner, Robert, 1986-
Weitere Verfasser: Remiáš, Peter
Format: Buchkapitel
Sprache:Englisch
Schlagworte:
Tags: Tag hinzufügen
Keine Tags, Fügen Sie das erste Tag hinzu!

MARC

LEADER 00000naa a2200000 4500
001 0213029
005 20240502083534.6
041 0 |a eng 
044 |a UA 
245 1 0 |a Size of Issue Leader as Determinant of Debt Offerings Yields  |c Róbert Verner, Peter Remiáš 
520 |a Analýza vplyvu veľkosti vedúceho upisovateľa na výnosnosť dlhopisov. Analýza bežnou (ordinary) a všeobecnou (generalized) metódou najmenších štvorcov. 
610 2 0 |a ponuka 
610 2 0 |a dlhopisy podnikové 
610 2 0 |a metóda štvorcov najmenších 
100 1 |a Verner, Robert, 1986- 
700 1 |a Remiáš, Peter